| 000 | 00491nam a2200169 a 4500 | ||
|---|---|---|---|
| 005 | 20240919064735.0 | ||
| 008 | 991125s1969 mx 000 0 spa u | ||
| 035 | _aUPN01000054530 | ||
| 049 | _aCG | ||
| 050 | 4 |
_aLC189 _bV5.8 |
|
| 100 | 1 |
_aVillalpando Nava, José Manuel, _d1926- _929627 |
|
| 245 | 1 | 0 |
_aSociología de la educación / _cJosé Manuel Villalpando. |
| 260 |
_aMéxico : _bPorrúa, _c1969. |
||
| 300 | _a133 p. | ||
| 650 | 4 |
_aEducación _xAspectos sociales _95311 |
|
| 905 | _aLibro | ||
| 999 |
_c54530 _d54530 |
||